| 000 | 00345nam a22001457a 4500 | ||
|---|---|---|---|
| 999 |
_c12147 _d12147 |
||
| 020 | _a978-93-530-6106-7 | ||
| 082 | _a370.15 | ||
| 100 | _aRobert E.Slavin | ||
| 245 | _aEducational Psychology theory and Practice | ||
| 250 | _a12th edition | ||
| 260 |
_aNew Delhi _bPearson _c2018 |
||
| 300 | _a527 | ||
| 650 | _aPsychology | ||
| 942 | _cBK | ||